The diary of a young girl / (Record no. 60396)

MARC details
000 -LEADER
fixed length control field 02558naa a2200313 4500
005 - DATE AND TIME OF LATEST TRANSACTION
control field 20120105163717.0
010 ## - LCCN (DPL NO)
LC control number B-470382-390
020 ## - INTERNATIONAL STANDARD BOOK NUMBER
International Standard Book Number 9789380848129
Terms of availability $ 4.95 Rs. 125.00
035 ## - SYSTEM CONTROL NUMBER
System control number B-470382-390
037 ## - SOURCE OF ACQUISITION
Source of stock number/acquisition Blue Berry/Ven
082 ## - DEWEY DECIMAL CLASSIFICATION NUMBER
Classification number 940.5318092
100 ## - MAIN ENTRY--PERSONAL NAME
Personal name Frank, Anne
245 1# - TITLE STATEMENT
Title The diary of a young girl /
Statement of responsibility, etc by Anne Frank
260 ## - PUBLICATION, DISTRIBUTION, ETC. (IMPRINT)
Place of publication, distribution, etc New Delhi
Name of publisher, distributor, etc Blueberry Books
Date of publication, distribution, etc 2011
270 ## - ADDRESS
Address 4675 A /21, Ansari Road, Darya Ganj
City New Delhi
Postal code 110002
300 ## - PHYSICAL DESCRIPTION
Extent 389p.
Dimensions 20cm(Pbk)
490 ## - SERIES STATEMENT
Series statement Complete and unabridged
-- 52797
942 ## - ADDED ENTRY ELEMENTS (KOHA)
Institution code [OBSOLETE] dpl
Item type English Books
Source of classification or shelving scheme Dewey Decimal Classification
Call number suffix FRA
Classification part 940.5318092
Holdings
Withdrawn status Lost status Not for loan Collection code Home library Current library Date acquired Source of acquisition Cost, normal purchase price Full call number Barcode Copy number Cost, replacement price Koha item type
      Non-fiction Janak Puri Janak Puri 03/10/2012 Blue Berry/IN8226/24.03.2012/43/20.03.2012/29.03.2012 125.00 940.5318092 FRA B-470384 1 125.00 English Books
      Non-fiction Karol Bagh Karol Bagh 03/10/2012 Blue Berry/IN8226/24.03.2012/43/20.03.2012/29.03.2012 125.00 940.5318092 FRA B-470387 1 125.00 English Books
      Non-fiction Kasturba Gandhi Marg Kasturba Gandhi Marg 03/10/2012 Blue Berry/IN8226/24.03.2012/43/20.03.2012/29.03.2012 125.00 940.5318092 FRA B-470383 1 125.00 English Books
      Non-fiction New Rohtak Road New Rohtak Road 03/10/2012 Blue Berry/IN8226/24.03.2012/43/20.03.2012/29.03.2012 125.00 940.5318092 FRA B-470388 1 125.00 English Books
  Written-off vide DLB M. No. 383 dt 16.05.19   Non-fiction Patel Nagar Patel Nagar 03/10/2012 Blue Berry/IN8226/24.03.2012/43/20.03.2012/29.03.2012 125.00 940.5318092 FRA B-470382 1 125.00 English Books
      Non-fiction Sarojini Nagar Sarojini Nagar 03/10/2012 Blue Berry/IN8226/24.03.2012/43/20.03.2012/29.03.2012 125.00 940.5318092 FRA B-470385 1 125.00 English Books
      Non-fiction Shahdara Branch Shahdara Branch 03/10/2012 Blue Berry/IN8226/24.03.2012/43/20.03.2012/29.03.2012 125.00 940.5318092 FRA B-470389 1 125.00 English Books
      Non-fiction Vinoba Puri Vinoba Puri 03/10/2012 Blue Berry/IN8226/24.03.2012/43/20.03.2012/29.03.2012 125.00 940.5318092 FRA B-470386 1 125.00 English Books
      Non-fiction Yojana Vihar Yojana Vihar 03/10/2012 Blue Berry/IN8226/24.03.2012/43/20.03.2012/29.03.2012 125.00 940.5318092 FRA B-470390 1 125.00 English Books

© Delhi Public Library
Hit Counter
free hit counter